Country by Vehicle Brand Quiz Stats

 Plays Quiz Updated Jun 11, 2018

Support Sporcle.
Go Orange.
Score 0/24 Timer 03:00
6 Plays Today
Car Brand Country % Correct
Volkswagen GroupGermany
99%
Ford Motor CompanyUnited States
97.5%
Honda Motor CompanyJapan
95%
Toyota Motor CorporationJapan
94.4%
General MotorsUnited States
93.4%
Beijing Automobile Works (BAW)China
90.5%
Chang'an Automobile Group (Chana)China
89.8%
Hyundai Kia Automotive GroupSouth Korea
87.7%
Bayerische Motoren Werke AG (BMW)Germany
87%
PSA (Peugeot Société Anonyme)France
85.7%
Chrysler GroupUnited States
85.2%
Fiat S.p.AItaly
84.9%
Car Brand Country % Correct
Nissan Motor CompanyJapan
83.1%
Jaguar CarsUnited Kingdom
80.3%
VolvoSweden
78.7%
Great Wall Motor CompanyChina
78%
Renault S.A.France
72%
Mahindra & Mahindra LimitedIndia
58.2%
Lotus CarsUnited Kingdom
56.2%
Troller Veículos EspeciaisBrazil
44.8%
Tata MotorsIndia
43.3%
AvtoVAZRussia
36.8%
Kuozui MotorsTaiwan
24.1%
ProtonMalaysia
10.6%

You're not logged in!

Compare scores with friends on all Sporcle quizzes.
OR
Log In

From the Vault

First Word Rap Songs

by lolshortee

Hopefully this quiz doesn't give you any first word problems.
Remove Ads.
Support Sporcle.
Get the best of Sporcle when you Go Orange. This ad-free experience offers more features, more stats, and more fun while also helping to support Sporcle. Thank you for becoming a member.

Show Comments

Extras

Top Quizzes Today


Score Distribution

Your Account Isn't Verified!

In order to create a playlist on Sporcle, you need to verify the email address you used during registration. Go to your Sporcle Settings to finish the process.

Report this User

Report this user for behavior that violates our Community Guidelines.

Details: